|
|
|
|
| LEADER |
00000nab a2200000 a 4500 |
| 001 |
vtls010508335 |
| 003 |
SK-MaSNL |
| 005 |
20260303090402.0 |
| 008 |
130506 2011 xo r r 000 0 slo |
| 038 |
|
|
|a KEVKJB
|
| 040 |
|
|
|a KEVKJB
|b slo
|c KEVKJB
|e AACR2
|
| 041 |
0 |
|
|a slo
|
| 044 |
|
|
|a xo
|c SK
|
| 080 |
|
|
|a 697.88-051
|2 2001
|
| 100 |
1 |
|
|a Hajduková, Michaela,
|d 1984-
|4 aut
|9 169543
|
| 245 |
1 |
0 |
|a Maturantkám museli utiecť, aby im neodtrhli všetky gombíky
|b Košičan František Tirpák je takmer pol storočia kominárom, povolanie po ňom zdedil jeho syn
|c Michaela Hajduková
|
| 300 |
|
|
|b Fotogr.
|
| 600 |
1 |
7 |
|a Tirpák, František
|2 kevkjb
|9 1097234
|
| 650 |
0 |
7 |
|a kominári
|2 kevkjb
|9 30265
|
| 650 |
0 |
7 |
|a kominárstvo
|2 kevkjb
|9 29688
|
| 651 |
|
7 |
|a Košice (Slovensko)
|2 kevkjb
|9 18694
|
| 773 |
0 |
|
|t Košický večer
|g Roč. 21(43), č. 52 (30.12.2011), s. 10
|x 1336-5320
|
| 852 |
|
|
|a KEVKJB
|b KIS3GCP
|
| 958 |
|
|
|a BX
|
| 999 |
|
|
|c 1803077
|d 1805007
|